Responses for Show #300 - Friday, November 1, 1985

Introductions entered from audiorecording.

Contestants

[<< previous game]

Diane Oles, a teacher from Reno, Nevada

Brian Sanders, a sales representative from Los Angeles, California

Greg Miller, a sales representative from Santa Ana, California (whose 1-day cash winnings total $9,000)

[next game >>]

Jeopardy! Round responses

U.S. STATES
MOVIES
INTERIOR DECORATING
FOOTBALL
SOUTHERN COOKING
"TRI" WORDS
    $100 1
Alaska

Diane
    $100 7
(Brian: What is Forced Vengeance?)

The Code of Silence

Brian
Triple Stumper
    $100 15
Egypt

Diane
    $100 6
a football field

Diane
    $100 23
ham

Diane
    $100 9
the trinity

Diane
    $200 2
Louisiana

Diane
    $200 8
(Diane: What is Where Were You When the Lights Went Out?)

American Graffiti

Diane
Triple Stumper
    $200 16
China

Triple Stumper
    $200 19
San Francisco 49ers

Greg
    $200 22
coffee

Diane
    $200 10
trigonometry

Brian
    $300 3
(Greg: What is Pennsylvania?)

New York

Greg
Triple Stumper
    $500 11
The Wrath of Khan & The Search for Spock

Brian
    $300 21
(Alex: And we've got about a minute to go in the round.)

posts

Brian
    $300 20
the center

Diane
    $300 24
(Brian: What is chutney?)
(Greg: What is okra?)

dandelion greens

GregBrian
Triple Stumper
    $300 14
(Brian: What is Trip?)

Tripper

BrianDiane
    $400 4
Minnesota

Greg
    $400 12
(Diane: What was the saxophone?)

the cornet

Diane
Triple Stumper
    $400 25
(Greg: What is colonial?)
[Originally ruled incorrect; reversed before Final Jeopardy!]

early American

GregBrian
    $400 17
a tricolor

Greg
    $500 5
(Brian: What is Washington, D.C.?)
(Greg: What is Rhode Island?)

Vermont

GregBrian
Triple Stumper
    $500 13
(John) Huston

Brian
    $500 26
(Brian: What is a barn door?)
[The end-of-round signal sounds.]

a Dutch door

BrianDiane
    $500 18
tribunes

Triple Stumper

Scores at the first commercial break (after clue 11):

Greg Brian Diane
-$400 $100 $300

Scores at the end of the Jeopardy! Round:

Greg Brian Diane
$300 $200 $1,400

Double Jeopardy! Round responses

REVOLUTIONARY WAR
PEOPLE
LITERATURE
COMPOSERS
MEDICINE
HAIL AND FAREWELL
    $200 1
Benedict Arnold

Greg
    $200 4
Dynasty

Triple Stumper
    $200 3
the Three Musketeers

Brian
    $200 21
[ERRATUM: "Lullaby" was rendered on screen with a single opening and double closing quote.]

Brahms

Brian
    $200 22
the white cells

Greg
    $200 10
"goodnight, Dick"

Brian
    $400 2
George Washington

Diane
    $400 5
Andy Kaufman

Brian
    $400 6
Sinclair Lewis

Diane
    $200 24
(Brian: This is something I know absolutely nothing about. I'm going to say, who is Rachmaninoff?)

Tchaikovsky

Brian
    $400 23
ringworm

Brian
    $400 12
Hugh Downs

Brian
    $600 17
(Greg: What is scalping?)
(Alex: Hmm. Be more...)

putting a bounty on scalps (encouraging Indians to bring in American scalps)

Greg
    $600 11
Herbalife

Brian
    $800 7
Topsy

Diane
    $600 25
negative

Greg
    $600 13
"Goodnight, Mrs. Calabash, wherever you are"

Brian
    $800 18
Benjamin Franklin

Triple Stumper
    $800 14
Mexico

Triple Stumper
    $800 8
(Greg: Who is Lancelot?)

Sir Galahad

GregDiane
    $800 16
peace

Diane
    $1000 19
(Diane: Who is Lemonady Lucy?)

Molly Pitcher

Diane
Triple Stumper
    $1000 15
Hedda Hopper & Louella Parsons

Triple Stumper
    $1000 9
Walt Whitman

Triple Stumper
    $1000 26
[The end-of-round signal sounds.]

insulin

Triple Stumper
    $1000 20
(Alex: We've got about a minute to go.)

Roy Rogers

Triple Stumper

Scores at the end of the Double Jeopardy! Round:

Greg Brian Diane
$1,100 $3,000 $3,600

[wagering suggestions for these scores]

Final Jeopardy! Round responses

WORLD HISTORY
[The "Think!" music ended early as all contestants had completed their responses.]
(Alex: Everyone is done. Are you satisfied with your responses to this point? Well, Diane's shaking her head.)
GregWhat is Poland?
$1,098
BrianWhat is Poland?
$3,000
DianeWhat was Finland?
$2,405
Poland

Final scores:

Greg Brian Diane
$2,198 $6,000 $1,195
2nd place: La-Z-Boy sofa + Stiffel's table lamps New champion: $6,000 3rd place: Skyway luggage

Game dynamics:

Coryat scores:

Greg Brian Diane
$1,100 $3,000 $3,400
8 R,
4 W
13 R
(including 1 DD),
6 W
(including 1 DD)
15 R
(including 1 DD),
3 W

Combined Coryat: $7,500

[game clues] [game scores] [suggest correction]

Game tape date: 1985-08-06
The J! Archive is created by fans, for fans. Scraping, republication, monetization, and malicious use prohibited; this site may use cookies and collect identifying information. See terms. The Jeopardy! game show and all elements thereof, including but not limited to copyright and trademark thereto, are the property of Jeopardy Productions, Inc. and are protected under law. This website is not affiliated with, sponsored by, or operated by Jeopardy Productions, Inc. Join the discussion at JBoard.tv.